Normal view
MARC view
- Crick, G. C
Entry Personal Name
001 - CONTROL NUMBER
- control field: 50130
003 - CONTROL NUMBER IDENTIFIER
- control field: NUST
005 - DATE AND TIME OF LATEST TRANSACTION
- control field: 20210314134532.0
008 - FIXED-LENGTH DATA ELEMENTS
- fixed length control field: 210314|| aca||aabn | a|a d
040 ## - CATALOGING SOURCE
- Original cataloging agency: NUST
- Transcribing agency: NUST
100 ## - HEADING--PERSONAL NAME
- Personal name: Crick, G. C
670 ## - SOURCE DATA FOUND
- Source citation: Work cat.: (NUST): Smith, Arthur Donaldson, 50127, Through unknown African countries, 1897, c1896.
